LEADER 01118nam a2200301 i 4500 001 991003069279707536 005 20021122115151.0 008 020315s1983 us ||| | eng 020 $a0939950154$c96000 035 $ab11750285-39ule_inst 035 $aLE00646064$9ExL 040 $aDip.to Fisica$bita 082 0 $a52.9.3 082 0 $aQD181 110 2 $aMineralogical Society of America$0530291 245 10$aCarbonates :$bmineralogy and chemistry /$cRichard J. Reeder (ed.) 260 $aWashington, D.C :$bMineralogical Society of America,$cc1983 300 $axii, 394 p. :$bill., charts ;$c23 cm. 490 0 $aReviews in mineralogy ;$v11 500 $aBibliography: p. 369-394. 650 4$aCarbonates 700 1 $aReeder, Richard J.$eauthor$4http://id.loc.gov/vocabulary/relators/aut$0735954 907 $a.b11750285$b27-04-17$c22-11-02 912 $a991003069279707536 945 $aLE006 52.9.3 RIB$g1$i2006000085472$lle006$o-$pE0.00$q-$rl$s- $t0$u1$v0$w1$x0$y.i11992840$z22-11-02 996 $aCarbonates$91454020 997 $aUNISALENTO 998 $ale006$b01-01-02$cm$da $e-$feng$gus $h0$i1 LEADER 03087nam 2200793 450 001 9910826285703321 005 20230810002115.0 010 $a0-271-07920-7 010 $a0-271-07922-3 024 7 $a10.4159/9780271079226 035 $a(CKB)3710000001055886 035 $a(OCoLC)1080549035 035 $a(MdBmJHUP)muse68691 035 $a(MiAaPQ)EBC6224767 035 $a(DE-B1597)584612 035 $a(DE-B1597)9780271079226 035 $a(OCoLC)1262307758 035 $a(EXLCZ)993710000001055886 100 $a20201001d2017 uy 0 101 0 $aeng 135 $aur|||||||nn|n 181 $ctxt$2rdacontent 182 $cc$2rdamedia 183 $acr$2rdacarrier 200 10$aFreedom and the cage $emodern architecture and psychiatry in Central Europe, 1890-1914 /$fLeslie Topp 210 1$aUniversity Park, Pennsylvania :$cPennsylvania State University Press,$d[2017] 210 4$dİ2017 215 $a1 online resource (xxii, 232 pages :)$cillustrations, maps ; 225 1 $aBuildings, landscapes, and societies 311 $a0-271-07710-7 320 $aIncludes bibliographical references (pages 219-228) and index. 327 $aThe free institution -- Regions, nationalism, and the asylum as a political project -- "A white city shimmering" : the rhetorical heightening of control -- Utopia in process in Vienna's hinterland -- Spaces -- Boundaries. 330 $a"Explores the issues surrounding the architectural design of insane asylums in the late nineteenth-century Habsburg Empire, including the paradox of maximizing individual freedom within an environment of involuntary confinement"--$cProvided by publisher. 410 0$aBuildings, landscapes, and societies. 606 $aHospital architecture$zEurope, Central$xHistory$y19th century 606 $aPsychiatric hospitals$zEurope, Central$xDesign and construction$xHistory$y20th century 606 $aPsychiatric hospitals$zEurope, Central$xDesign and construction$xHistory$y19th century 606 $aHospital architecture$zEurope, Central$xHistory$y20th century 610 $aAustria. 610 $aGermany. 610 $aHabsburg Empire. 610 $aVienna. 610 $aWorld War I. 610 $aarchitecture. 610 $aasylum. 610 $afreedom. 610 $ahospitals. 610 $ainsitution. 610 $alate nineteenth century. 610 $amental health. 610 $anationalism. 610 $apsychiatric. 610 $apsychiatrist. 610 $apsychology. 610 $autopia. 610 $a?caged freedom?. 615 0$aHospital architecture$xHistory 615 0$aPsychiatric hospitals$xDesign and construction$xHistory 615 0$aPsychiatric hospitals$xDesign and construction$xHistory 615 0$aHospital architecture$xHistory 676 $a725.52094 700 $aTopp$b Leslie$f1969-$01653148 801 0$bMiAaPQ 801 1$bMiAaPQ 801 2$bMiAaPQ 906 $aBOOK 912 $a9910826285703321 996 $aFreedom and the cage$94004272 997 $aUNINA